Anglicko-český výkladový slovník softwaru Pro uživatele PC
Salvato in:
| Autore principale: | |
|---|---|
| Natura: | Libro |
| Lingua: | ceco inglese |
| Pubblicazione: |
Praha
AV Software
1993
|
| Edizione: | 2. rozš. vyd. |
| Soggetti: | |
| Tags: |
Nessun Tag, puoi essere il primo ad aggiungerne!!
|
MARC
| LEADER | 00000nam a2200000 4500 | ||
|---|---|---|---|
| 001 | c003801 | ||
| 005 | 20221206074220.9 | ||
| 041 | 0 | |a cze | |
| 041 | 0 | |a eng | |
| 044 | |a CZ | ||
| 245 | 1 | 0 | |a Anglicko-český výkladový slovník softwaru |b Pro uživatele PC |c Antonín Vitovský |
| 250 | |a 2. rozš. vyd. | ||
| 264 | 1 | |a Praha |b AV Software |c 1993 | |
| 300 | |a 312 s. | ||
| 610 | 2 | 0 | |a angličtina |
| 610 | 2 | 0 | |a čeština |
| 610 | 2 | 0 | |a softvér |
| 610 | 2 | 0 | |a počítače osobné |
| 610 | 2 | 0 | |a terminológia |
| 610 | 2 | 0 | |a procesory |
| 610 | 2 | 0 | |a procesory textové |
| 610 | 2 | 0 | |a systémy databázové |
| 610 | 2 | 0 | |a grafika počítačová |
| 610 | 2 | 0 | |a komunikácia |
| 610 | 2 | 0 | |a programovanie |
| 610 | 2 | 0 | |a systémy operačné |
| 610 | 2 | 0 | |a inteligencia umelá |
| 610 | 2 | 0 | |a systémy expertné |
| 610 | 2 | 0 | |a DTP |
| 100 | 1 | |a Vitovský, Antonín | |